|
|
|
|
| LEADER |
00000nam a2200000 a 4500 |
| 001 |
vtls008746052 |
| 003 |
SK-MaSNL |
| 005 |
20260302075135.0 |
| 008 |
240318s1999 xo slo |
| 020 |
|
|
|a 8071187550
|q (viaz.)
|c 99.00
|
| 035 |
|
|
|a POKPOH40500
|
| 040 |
|
|
|a SNK
|b slo
|c SNK
|e AACR2
|
| 041 |
1 |
|
|a slo
|h eng
|
| 080 |
|
|
|a 641.5
|2 2001
|
| 080 |
|
|
|a 635.1/.8
|2 2001
|
| 080 |
|
|
|a (083.12)
|2 2001
|
| 100 |
1 |
|
|a Elliot, Rose
|4 aut
|9 504997
|
| 245 |
1 |
0 |
|a Varíme zo zeleniny
|c Rose Elliot ; [z anglického originálu prel. Katarína Bujačková]
|
| 250 |
|
|
|a 1. vyd.
|
| 260 |
|
|
|a Bratislava
|b Ikar
|c 1999
|
| 300 |
|
|
|a 71 s. viaz.
|
| 490 |
1 |
|
|a 101 praktických rád
|
| 650 |
0 |
7 |
|a zeleninové jedlá
|2 POKPOH
|9 4006
|
| 650 |
0 |
7 |
|a kuchárske knihy
|2 POKPOH
|9 63303
|
| 700 |
1 |
|
|a Bujačková, Katarína
|4 trl
|9 217659
|
| 830 |
|
0 |
|a 101 praktických rád
|9 283630
|
| 919 |
|
|
|a 80-7118-755-0
|
| 999 |
|
|
|c 1168050
|d 1169980
|
| 952 |
|
|
|t P60, <03>, [BOOK], {603}
|a SNK
|b SNK
|y PREZ
|7 0
|p 17A0208499
|o snkSD 70337
|i snkKSP 8943/99
|0 0
|1 0
|4 0
|d 1999-09-09
|l 0
|r 2005-01-02 00:00:00
|w 2026-02-24
|
| 952 |
|
|
|t P60, <04>, [BOOK], {604}
|a SNK
|b SNK
|y VYP
|7 0
|p 17A0208500
|o snkSD 70337 D1
|i snkKSP 8944/99
|0 0
|1 0
|4 0
|d 1999-09-09
|l 0
|r 2005-01-02 00:00:00
|w 2026-02-24
|